| 000 | 00000nam##2200000za#4500 |
| 001 | 9.637724 |
| 003 | CaOODSP |
| 005 | 20231123085135 |
| 007 | cr ||||||||||| |
| 008 | 150407|2000||||xxc|||||o f|0| 0 fre|d |
| 040 | |aCaOODSP|bfre |
| 043 | |an-cn--- |
| 086 | 1 |aE2-195/2000F-PDF |
| 110 | 1 |aCanada. |bAffaires étrangères et commerce international Canada. |
| 245 | 10|aRéponse du gouvernement au Comité permanent des Affaires étrangères et du Commerce international (CPAECI) - examen de la Loi sur l'expansion des exportations |h[ressource électronique] |
| 260 | |aOttawa - Ontario : |bAffaires étrangères et Commerce international |c[2000?]. |
| 300 | |a22p. |
| 590 | |a10-05-Supp|b2010-07-20 |
| 691 | 07|aCrédit|2gcpds |
| 691 | 07|aExportation|2gcpds |
| 691 | 07|aPolitique économique|2gcpds |
| 775 | 08|tGovernment response to the Standing Committee on Foreign Affairs and International Trade (SCFAIT) - reviewing the Export Development Act |w(CaOODSP)9.693548 |
| 776 | 0#|tGovernment response to the Standing Committee on Foreign Affairs and International Trade (SCFAIT) : |w(CaOODSP)9.662277 |
| 776 | 0#|tRéponse du gouvernement au Comité permanent des affaires étrangères et du commerce international (CPAECI) : |w(CaOODSP)9.662278 |
| 856 | 40|ahttp://publications.gc.ca|qPDF|s145 Ko|uhttps://publications.gc.ca/collections/Collection/E2-195-2000F.pdf |